| 000 | 01411cam a2200337 i 4500 | ||
|---|---|---|---|
| 001 | 33832 | ||
| 003 | Mx-PuUPA | ||
| 005 | 20260416144240.0 | ||
| 008 | 140415s1967 mx 000 0 spa d | ||
| 020 | _a9786071741448 | ||
| 040 |
_cMx-PuUPA _aMx-PuUPA _bspa _dMx-PuUPA _erda |
||
| 041 | 0 | _aspa | |
| 100 | 1 |
_aSuárez Iñiguez, E., _q(Enrique) _eautor _97812 |
|
| 245 | 1 | 0 |
_aCómo hacer la tesis : _bla solución al problema / _cEnrique Suárez-Iñiquez |
| 250 | _a3a. edición | ||
| 264 | 1 |
_aCiudad de México : _bEditorial Trillas, _c2021 |
|
| 300 |
_a87 páginas ; _c23 cm |
||
| 336 |
_2rdacontent _atexto _btxt |
||
| 337 |
_2rdamedia _asin medio _bn |
||
| 338 |
_2rdacarrier _avolumen _bnc |
||
| 500 | _a"Técnicas y consejos para la investigación ; Corroboración de una hipótesis ; Desarrollo de argumentos lógicos".-- Cubierta | ||
| 500 | _a"Conclusión, argumento, razonamiento, proposición".-- Portada | ||
| 650 | 7 |
_2armarc _aTesís _vManuales, etc |
|
| 650 | 7 |
_2armarc _aInvestigación _xMetodología |
|
| 650 | 7 |
_2armarc _aRedacción de informes |
|
| 942 |
_2ddc _cLI _h808.066378 _iS53 |
||
| 999 |
_c33832 _d33832 |
||